FoxGraph : Příručka pro uživatele /

Salvato in:
Dettagli Bibliografici
Autore principale: Linhart, Karel (Autore)
Natura: Libro
Lingua:ceco
Pubblicazione: Praha : Grada, 1991
Soggetti:
Tags: Aggiungi Tag
Nessun Tag, puoi essere il primo ad aggiungerne!!

MARC

LEADER 00000nam a22000003a 4500
001 stu38054
005 20150617225728.5
008 920914s1991----cs------------------cze-d
020 |a 80-85424-55-X 
040 |a STU  |b slo 
041 0 |a cze 
044 |a cs 
080 |a 681.51 
100 1 |a Linhart, Karel  |4 aut 
245 1 |a FoxGraph :  |b Příručka pro uživatele /  |c [aut.]Karel Linhart 
260 |a Praha :  |b Grada,  |c 1991 
300 |a 114 s 
650 7 |a Databázy grafické  |2 stusub 
650 7 |a FoxGraph  |2 stusub 
650 7 |a grafika počítačová  |2 stusub 
996 |b 284M026249  |c M*8089-1  |l MMKN  |s A  |a 24  |w stu38054_0001 
996 |b 284M053181  |c M*8089-2  |l MMKN  |s A  |a 24  |w stu38054_0002